Statistics for U.S. Presidents with the Shortest Last Names

Click here to take the quiz!

General Stats

  • This quiz has been taken 1,432 times
    (1,315 since last reset)
  • The average score is 10 of 14

Answer Stats

LettersPresident% Correct
5 LettersDonald Trump
89%
4 LettersGeorge HW Bush
89%
4 LettersGeorge W Bush
89%
5 LettersBarack Obama
81%
5 LettersJoe Biden
77%
5 LettersJohn Adams
75%
5 LettersJohn Quincy Adams
75%
4 LettersGerald Ford
71%
5 LettersRichard Nixon
65%
4 LettersJames K Polk
64%
4 LettersWilliam Taft
64%
5 LettersUlysses S Grant
61%
5 LettersJohn Tyler
47%
5 LettersRutherford B Hayes
46%

Score Distribution

Percentile by Number Answered

Percent of People with Each Score

Your Score History

You have not taken this quiz since the last reset